| 000 | 01370nam a2200301 4500 | ||
|---|---|---|---|
| 003 | EG-GICUC | ||
| 005 | 20260409172714.0 | ||
| 008 | 260409s2000 ua ||||frv||| 000 0 ara d | ||
| 040 |
_a EG-GICUC _bara _c EG-GICUC _d EG-GICUC _erda |
||
| 041 | 0 | _aara | |
| 082 | 0 | 4 |
_221 _a343.3754 _bم ح . م |
| 092 | 0 | 4 | _221 |
| 099 | _aLaw1 10 343.3754 م ح . م 2000 | ||
| 100 | 0 |
_aمحمد رضا حسين كامل. _eمؤلف. |
|
| 245 | 1 | 2 |
_aالمستحدث من المبادئ التي قررتها الدوائر الجنائية بمحكمة النقض من أول أكتوبر سنة 1999 إلي ديسمبر سنة 2000 / _cإعداد المستشار محمد رضا حسين كامل ؛ إشراف المستشار محمد على عبدالواحد. |
| 264 | 1 |
_a[غير محدد] : _bمحكمة النقض - المكتب الفني، _c2000. |
|
| 300 |
_a204 صفحة، مختلف الترقيم ؛ _c24 سم. |
||
| 336 |
_2rda content _atext |
||
| 337 |
_2rda media _aComputer |
||
| 338 |
_2rda carrier _aOnline Resource |
||
| 546 | _aالنص باللغة العربية | ||
| 650 | 1 |
_aالإجراءات أمام محكمة النقض. _2qrmak |
|
| 651 | 1 | _2qrmak | |
| 700 | 0 |
_a المستشار محمد على عبدالواحد. _eمشرف. |
|
| 856 | 4 | 0 | _uhttps://fll.law.cu.edu.eg/fulltext/bks/B10-09246.pdf |
| 905 | _a62 | ||
| 942 |
_2ddc _cBK _e21 _n0 |
||
| 999 |
_c69900 _d69900 |
||